<?xml version="1.0" encoding="UTF-8"?>
<record
    xmlns:xsi="http://www.w3.org/2001/XMLSchema-instance"
    xsi:schemaLocation="http://www.loc.gov/MARC21/slim http://www.loc.gov/standards/marcxml/schema/MARC21slim.xsd"
    xmlns="http://www.loc.gov/MARC21/slim">

  <leader>01583nam a2200229Ia 4500</leader>
  <datafield tag="952" ind1=" " ind2=" ">
    <subfield code="0">0</subfield>
    <subfield code="1">0</subfield>
    <subfield code="4">0</subfield>
    <subfield code="7">0</subfield>
    <subfield code="a">18</subfield>
    <subfield code="b">18</subfield>
    <subfield code="d">2011-07-15</subfield>
    <subfield code="l">2</subfield>
    <subfield code="o">HD30.37 C4318</subfield>
    <subfield code="p">18 001184</subfield>
    <subfield code="r">2014-05-21</subfield>
    <subfield code="s">2014-05-19</subfield>
    <subfield code="t">1</subfield>
    <subfield code="w">2012-06-26</subfield>
    <subfield code="y">LB</subfield>
  </datafield>
  <datafield tag="952" ind1=" " ind2=" ">
    <subfield code="0">0</subfield>
    <subfield code="1">0</subfield>
    <subfield code="4">0</subfield>
    <subfield code="7">0</subfield>
    <subfield code="a">18</subfield>
    <subfield code="b">18</subfield>
    <subfield code="d">2019-08-09</subfield>
    <subfield code="l">0</subfield>
    <subfield code="o">HD30.37 C4318</subfield>
    <subfield code="p">18 001246</subfield>
    <subfield code="r">2019-08-09</subfield>
    <subfield code="t">2</subfield>
    <subfield code="w">2019-08-09</subfield>
    <subfield code="y">LB</subfield>
  </datafield>
  <datafield tag="999" ind1=" " ind2=" ">
    <subfield code="c">74446</subfield>
    <subfield code="d">74446</subfield>
  </datafield>
  <controlfield tag="008">120626s1999    mx            000 0 spa d</controlfield>
  <datafield tag="020" ind1=" " ind2=" ">
    <subfield code="a">9681857704</subfield>
  </datafield>
  <datafield tag="050" ind1=" " ind2=" ">
    <subfield code="a">HD30.37</subfield>
    <subfield code="b">C4318</subfield>
  </datafield>
  <datafield tag="100" ind1="1" ind2=" ">
    <subfield code="a">Chase, Larry </subfield>
    <subfield code="e">autor </subfield>
  </datafield>
  <datafield tag="245" ind1="1" ind2="0">
    <subfield code="a">Comercio electr&#xF3;nico</subfield>
    <subfield code="b"> : t&#xE1;cticas probadas para hacer negocios en Internet</subfield>
    <subfield code="c"> / Larry Chense y Nancy Hanger; traducci&#xF3;n de Rodolfo Pi&#xF1;a Garc&#xED;a, Fernando Roberto P&#xE9;rez V&#xE1;zquez</subfield>
  </datafield>
  <datafield tag="260" ind1="3" ind2=" ">
    <subfield code="a">M&#xE9;xico</subfield>
    <subfield code="b"> : Limusa</subfield>
    <subfield code="c">, 1999</subfield>
  </datafield>
  <datafield tag="300" ind1=" " ind2=" ">
    <subfield code="a">254 p&#xE1;ginas</subfield>
  </datafield>
  <datafield tag="500" ind1=" " ind2=" ">
    <subfield code="a">Traducci&#xF3;n de : Essential Bussines Tactics for the net</subfield>
  </datafield>
  <datafield tag="505" ind1=" " ind2=" ">
    <subfield code="a">Reduzca sus costos en toda la compa&#xF1;&#xED;a: c&#xF3;mo operar un negocio bien administrado y m&#xE1;s competitivo
Emplee la red como un medio para seleccionar sus recursos humanos
Convi&#xE9;rtase en gambusino de la red y s&#xE1;quele el oro
HTTP://007: esp&#xED;e a sus competidores y a usted mismo
La imagen de su marca e Internet
Venta al menudeo poniendo la tienda en la red
Eventos en l&#xED;nea, promociones y atracciones: c&#xF3;mo "montar la escena" y atraerlos
Mercadotecnia directa y soporte de ventas
Relaciones p&#xFA;blicas, a la manera de Internet</subfield>
  </datafield>
  <datafield tag="519" ind1=" " ind2=" ">
    <subfield code="a">Bachillerato Tecnol&#xF3;gico / </subfield>
    <subfield code="b">Programaci&#xF3;n / </subfield>
    <subfield code="c">Modulo V: Desarrolla, administra y configura soluciones de e-learning y comercio electr&#xF3;nico (1) / </subfield>
    <subfield code="d">(18 001184)</subfield>
  </datafield>
  <datafield tag="519" ind1=" " ind2=" ">
    <subfield code="a">Educaci&#xF3;n Mixta / </subfield>
    <subfield code="b">Administraci&#xF3;n / </subfield>
    <subfield code="c">Comercio Electr&#xF3;nico (P12-1) / </subfield>
    <subfield code="d">(18 001246)</subfield>
  </datafield>
  <datafield tag="650" ind1=" " ind2="0">
    <subfield code="a">COMERCIO ELECTR&#xD3;NICO</subfield>
  </datafield>
  <datafield tag="700" ind1="1" ind2=" ">
    <subfield code="a">Hanger, Nancy C. </subfield>
    <subfield code="e">autor </subfield>
  </datafield>
  <datafield tag="700" ind1="1" ind2=" ">
    <subfield code="a">Pi&#xF1;a Garc&#xED;a, Rodolfo </subfield>
    <subfield code="e">traductor </subfield>
  </datafield>
  <datafield tag="700" ind1="1" ind2=" ">
    <subfield code="a"> P&#xE9;rez V&#xE1;zquez, Fernando Roberto </subfield>
    <subfield code="e">traductor</subfield>
  </datafield>
  <datafield tag="942" ind1=" " ind2=" ">
    <subfield code="c">LB</subfield>
  </datafield>
</record>
